Κούφια καρύδια
Saved in:
| Main Author: | |
|---|---|
| Format: | Book |
| Language: | Greek |
| Published: |
Αθήνα :
Δημιουργία,
1988
|
| Edition: | 2η εκδ. |
| Series: | Κλασσική βιβλιογραφία
4 |
| Subjects: | |
| Tags: |
Add Tag
No Tags, Be the first to tag this record!
|
MARC
| LEADER | 00000cam a2200000 i 4500 | ||
|---|---|---|---|
| 001 | 1/44714 | ||
| 008 | 941103s1988 gr | |||| ||| ||gre|| | ||
| 035 | |a 1990 |c ΔΩΡΕΑ |l 10042349 | ||
| 040 | |a GR-MyUA |b gre |e AACR2 | ||
| 041 | 0 | |a gre | |
| 082 | 7 | |a 889.208 |2 (22) | |
| 100 | 1 | |a Πάλλης, Αλέξανδρος Α., |d 1851-1935. | |
| 245 | 1 | 0 | |a Κούφια καρύδια / |c Αλ. Πάλλη. |
| 250 | |a 2η εκδ. | ||
| 260 | |a Αθήνα : |b Δημιουργία, |c 1988 | ||
| 300 | |a 359 σ. ; |c 21 εκ. | ||
| 490 | 1 | |a (Κλασσική βιβλιογραφία ; |v 4) | |
| 650 | 0 | 0 | |a Greek drama. |
| 650 | 0 | 0 | |a Greek drama |x Criticism, textual. |
| 830 | 0 | |a Κλασσική βιβλιογραφία |v 4 | |
| 852 | |a INST |b SAMOS |e 19941103 |h 889.208 ΠΑΛ |p 005300000585 |q 005300000585 |t BK |y 0 | ||
| 909 | |a Σ |b 000300 | ||
| 970 | |z 03-11-1994 | ||